| 000 | 01007nas a2200337 4500 | ||
|---|---|---|---|
| 001 | BR2010005456 | ||
| 003 | BR-BrBNA | ||
| 005 | 20231205114339.0 | ||
| 007 | ta | ||
| 008 | 230509b bl.|||p| |||| 00| 00por d | ||
| 040 |
_aBR-BrBNA _bpor _cBiblioteca Nacional de Agricultura |
||
| 041 | _a(Pt) | ||
| 072 | _aF70 | ||
| 100 | 1 | _aCosta, F.V. da | |
| 100 | 1 | _aOliveira, K.N. | |
| 100 | 1 | _aNunes, Y.R.F. | |
| 100 | 1 | _aMenino, G.C. de O. | |
| 100 | 1 | _aBrandão, D.O. | |
| 100 | 1 | _aAraújo, L.S. de | |
| 100 | 1 | _aMiranda, W.O. | |
| 100 | 1 | _aD'Angelo Neto, S. | |
| 245 | 1 | _aFlorística e estrutura da comunidade arbórea de duas áreas de cerrado sentido restrito no norte de Minas Gerais | |
| 650 | _aFLORA | ||
| 650 | _aTAXONOMIA VEGETAL | ||
| 650 | _aMODELO MATEMÁTICO | ||
| 650 | _aCERRADO | ||
| 650 | _aMINAS GERAIS | ||
| 773 | 0 |
_tCerne (Brazil) _xISSN 0104-7760 _g(Jul-Sep 2010), v.16(3) p. 267-281 _wBR2010005456 |
|
| 909 |
_a202311 _bLúcia _c55 _dLúcia Elande |
||
| 942 |
_2AGRIS _n0 _cANA |
||
| 999 |
_c208346 _d208346 |
||